000
00207nam a2200097Ia 4500
008
190216s9999||||xx |||||||||||||| ||und||
100
_a
Madhavan Pillay
245
0
_a
Veerangana
260
_b
Null
942
_c
BK
999
_c
24877
_d
24877